|
|
|
|
| LEADER |
01453nam a2200301 a 4500 |
| 001 |
550305 |
| 008 |
090630s1989 enka b 001 0 eng d |
| 010 |
|
|
|a 88043458
|
| 020 |
|
|
|a 057115378x
|
| 040 |
|
|
|a DLC
|c DLC
|d DLC
|d OCoLC
|
| 082 |
0 |
0 |
|a 722
|2 19
|
| 100 |
1 |
|
|a Bussagli, Mario.
|
| 240 |
1 |
0 |
|a Architettura orientale.
|l English
|
| 245 |
1 |
0 |
|a Oriental architecture /
|c Mario Bussagli ; translated by John Shepley.
|
| 260 |
|
|
|a London ;
|a New York :
|b Electa/Rizzoli,
|c 1989.
|
| 300 |
|
|
|a 203 p. :
|b ill. (some col.) ;
|c 24 cm.
|
| 490 |
1 |
|
|a History of world architecture
|
| 500 |
|
|
|a Translation of: Architettura orientale.
|
| 500 |
|
|
|a "Redesigned paperback of the original Italian edition published in 1973 by Electa, S.p.a., Milan, and the English edition published by Harry N. Abrams, Inc., New York"--T.p. verso.
|
| 504 |
|
|
|a Includes bibliographies(p. 189-193) and indexes.
|
| 505 |
0 |
|
|a 1. India, Indonesia, Indochina. Contribution by Arcangela Santoro -- 2. China, Korea, Japan. Contributions by Paola Mortari Vergara ... [et al.]
|
| 541 |
1 |
|
|e 00011774
|
| 650 |
|
0 |
|a Architecture, Oriental.
|
| 700 |
1 |
|
|a Santoro, Arcangela.
|
| 700 |
1 |
|
|a Mortari Vergara Caffarelli, Paola.
|
| 852 |
4 |
|
|a Ayesha Abed Library
|j General shelf
|
| 999 |
|
|
|c 1911
|d 1911
|
| 952 |
|
|
|0 0
|1 0
|2 ddc
|4 0
|6 722_BUS
|7 0
|9 1754
|a BRACUL
|b BRACUL
|c GEN
|d 2009-06-30
|g 0.00
|l 3
|m 16
|o 722 BUS
|p 3010011774
|r 2021-12-23
|s 2021-12-15
|t 1
|w 2009-06-30
|y BK
|x No price found in the accession register.
|